| 000 | 01063cad a22002055a 4500 | ||
|---|---|---|---|
| 001 | L154810 | ||
| 008 | 120120s2012 xxk 000 0 eng d | ||
| 035 | _a(Sirsi) u154810 | ||
| 041 | 0 | _aeng | |
| 110 | 2 |
_aGreat Britain _bHealth and Safety Executive |
|
| 245 | 0 | 0 |
_aRIDDOR _bReporting of Injuries, Diseases and Dangerous Occurrences Regulations 1995 _h[electronic resource] |
| 260 |
_a[S.l.] _bHSE _c2012 |
||
| 520 | _aFrom 6 April 2012, subject to Parliamentary approval, RIDDOR's over three day injury reporting requirement will change. This site provides information on RIDDOR which puts duties on employers, the self-employed and people in control of work premises (the Responsible Person) to report serious workplace accidents, occupational diseases and specified dangerous occurrences (near misses). | ||
| 590 | _aKA NTK | ||
| 651 | 4 |
_aGreat Britain _y1707- |
|
| 690 |
_aHealth and safety _96244 |
||
| 690 |
_aConstruction management _96230 |
||
| 856 | 4 | 0 |
_uhttps://www.hse.gov.uk/riddor/ _zView the web page free of charge at www.hse.gov.uk |
| 942 | _n0 | ||
| 999 |
_c113170 _d113170 |
||